| 000 | 00783nam a2200253 u 4500 | ||
|---|---|---|---|
| 005 | 20241012064147.0 | ||
| 008 | 200211s1989 mx r 000 0 spa d | ||
| 020 | _a 9681821645 (v.2) | ||
| 035 | _aUPN01000235482 | ||
| 040 |
_aMX-MxUPN _bspa _cMX-MxUPN |
||
| 050 | 4 |
_aLB1137 _bA24 1989 |
|
| 100 | 1 |
_aAcevedo Ibáñez, Alejandro _947459 |
|
| 245 | 1 | 0 |
_aAprender jugando : _b dinámicas vivenciales para capacitación, docencia y consultoría |
| 246 | 1 | 8 | _aAprender jugando 2 |
| 250 | _aTercera edición | ||
| 260 |
_a México, D.F. : _bLimusa, _c1989. |
||
| 300 |
_avolúmenes : _bilustraciones |
||
| 650 | 4 |
_aJuegos educativos _93952 |
|
| 650 | 4 |
_aAprendizaje _92861 |
|
| 902 | _aNoemiAcosta/101122 | ||
| 905 | _aLibro | ||
| 942 |
_n0 _cLIBRO _2lcc |
||
| 999 |
_c207577 _d207577 |
||